<?xml version="1.0" encoding="UTF-8"?>
<record
    xmlns:xsi="http://www.w3.org/2001/XMLSchema-instance"
    xsi:schemaLocation="http://www.loc.gov/MARC21/slim http://www.loc.gov/standards/marcxml/schema/MARC21slim.xsd"
    xmlns="http://www.loc.gov/MARC21/slim">

  <leader>01812cam a2200289   4500500</leader>
  <controlfield tag="005">20260222011930.0</controlfield>
  <datafield tag="041" ind1=" " ind2=" ">
    <subfield code="a">fre</subfield>
  </datafield>
  <datafield tag="042" ind1=" " ind2=" ">
    <subfield code="a">dc</subfield>
  </datafield>
  <datafield tag="100" ind1="1" ind2="0">
    <subfield code="a">Muntean, Emanuela</subfield>
    <subfield code="e">author</subfield>
  </datafield>
  <datafield tag="245" ind1="0" ind2="0">
    <subfield code="a">Les enfants de la Shoah dans la s&#xE9;rie Irena</subfield>
  </datafield>
  <datafield tag="260" ind1=" " ind2=" ">
    <subfield code="c">2024.
							</subfield>
  </datafield>
  <datafield tag="500" ind1=" " ind2=" ">
    <subfield code="a">38</subfield>
  </datafield>
  <datafield tag="520" ind1=" " ind2=" ">
    <subfield code="a">The life of a Jewish child victimized by Nazism is presented as a winding journey between confinement and freedom. This is achieved through the extraordinary story of Irena Sendlerowa, a young social worker of Polish origin who saved 2,500 children from the Warsaw ghetto. As character, the child of Holocaust is related to the figure of the orphan in children&#x2019;s literature. The absence of the parents is not the guarantee of a prominent destiny. It is the condition for his survival.</subfield>
  </datafield>
  <datafield tag="520" ind1=" " ind2=" ">
    <subfield code="a">&#xC0; travers l&#x2019;histoire extraordinaire d&#x2019;Irena Sendlerowa, une jeune assistante sociale d&#x2019;origine polonaise qui sauva 2 500 enfants du ghetto de Varsovie, la vie de l&#x2019;enfant juif victime du nazisme est pr&#xE9;sent&#xE9;e comme un parcours sinueux entre enfermement et libert&#xE9;. Actualisation de la typologie de l&#x2019;orphelin dans la litt&#xE9;rature de jeunesse, l&#x2019;enfant de la Shoah s&#x2019;en distingue car pour lui, la privation de parents n&#x2019;&#xE9;quivaut pas &#xE0; une destin&#xE9;e illustre, c&#x2019;est la condition de sa survie.</subfield>
  </datafield>
  <datafield tag="690" ind1=" " ind2=" ">
    <subfield code="a">enfance juive</subfield>
  </datafield>
  <datafield tag="690" ind1=" " ind2=" ">
    <subfield code="a">ghetto de Varsovie</subfield>
  </datafield>
  <datafield tag="690" ind1=" " ind2=" ">
    <subfield code="a">Irena Sendlerowa</subfield>
  </datafield>
  <datafield tag="690" ind1=" " ind2=" ">
    <subfield code="a">Shoah</subfield>
  </datafield>
  <datafield tag="690" ind1=" " ind2=" ">
    <subfield code="a">t&#xE9;moignage</subfield>
  </datafield>
  <datafield tag="690" ind1=" " ind2=" ">
    <subfield code="a">Holocaust</subfield>
  </datafield>
  <datafield tag="690" ind1=" " ind2=" ">
    <subfield code="a">Irena Sendlerowa</subfield>
  </datafield>
  <datafield tag="690" ind1=" " ind2=" ">
    <subfield code="a">Jewish childhood</subfield>
  </datafield>
  <datafield tag="690" ind1=" " ind2=" ">
    <subfield code="a">testimony</subfield>
  </datafield>
  <datafield tag="690" ind1=" " ind2=" ">
    <subfield code="a">Warsaw ghetto</subfield>
  </datafield>
  <datafield tag="786" ind1="0" ind2=" ">
    <subfield code="n">L'irr&#xE9;guli&#xE8;re | 26 | 1 | 2024-09-23 | p. 95-107 | 1962-9419</subfield>
  </datafield>
  <datafield tag="856" ind1="4" ind2="1">
    <subfield code="u">https://shs.cairn.info/revue-d-histoire-de-l-enfance-irreguliere-2024-1-page-95?lang=fr&amp;redirect-ssocas=7080</subfield>
  </datafield>
  <datafield tag="999" ind1=" " ind2=" ">
    <subfield code="c">1670034</subfield>
    <subfield code="d">1670034</subfield>
  </datafield>
</record>
